000 00683nam a22001817a 4500
005 20231226151123.0
008 231226b |||||||| |||| 00| 0 eng d
020 _a9788957 704134
041 _aeng
082 _a712
_bKIM
100 _aKim K.
_9145083
245 _aLandscape Architecture Competition Annual-6
260 _akorea
_bSun Young Chung
_c2013
300 _a400p
_bHb
_c31 x 27
365 _aINR
_b8007.30
_cRupaye
500 _aINternational Competition For Master Plan Of The Youngsan Park Korea Green Design Award2012 Invitational Design Competition For Revitalization Of Civic At Center At Gwangju Park Ideas Competition For the Singer Park Leiden
942 _cRF
999 _c356769
_d356769